00567nam a2200193 a 4500001001300000003000900013005001700022008004100039020002300080082001700103100001800120245007900138260004100217300000900258500003500267505001900302650003400321700001800355nice12345678IN_TiNIC20260116014952.0050524s2002 newa grp 000 0 eng  a0761932 c30000a656.409bSAN aSanghi, Seema aTowards Personal Excellence, Psychometric Tests and Self-Improvement...... aNew Delhi bSage Publications c2002 a214p aincludes index and biblioraphy2 aResponce Sheet aManagement-Study and Teaching1 aSanghi, Seema